ბათუმის შოთა რუსთაველის სახელმწიფო უნივერსიტეტის ბიბლიოთეკა

კახეთის რეგიონის მცენარეები : (ბიბ.ჩანაწერი № 57110)

000 -ლიდერი
ფიქსირებული სიგრძის საკონტროლო ველი 01004nam a22002057a 4500
003 - საკონტროლო ნომრის იდენტიფიკატორი
საკონტროლო ველი Ge_BSU
005 - ბოლო ოპერაციის თარიღი და დრო
საკონტროლო ველი 20191119161824.0
008 - ფიქსირებული სიგრძის მონაცემთა ელემენტები - ზოგადი ინფორმაცია
ფიქსირებული სიგრძის საკონტროლო ველი 191119s2018 ||||| |||| 00| 0 geo d
041 ## - ენის კოდი
Language code of text/sound track or separate title geo
080 ## - უნივერსალური ათობითი კლასიფიკაციის ინდექსი
Universal Decimal Classification number 581.7 ს-97
100 ## - მთავარი ჩანაწერი - პიროვნების სახელი
Personal name სუხიტაშვილი, კახაბერ.
9 (RLIN) 5457
245 ## - ცნობა სათაურის შესახებ
Title კახეთის რეგიონის მცენარეები :
Remainder of title 400 სახეობის მცენარე და 402 ფოტო /
Statement of responsibility, etc კახაბერ სუხიტაშვილი ; რედ. მ. ახალკაცი
264 ## - წარმოების, გამოცემის, დისტრიბუციის და სხვა ცნობები
გამოცემის, წარმოების, დისტრიბუციის... ადგილი თბილისი :
გამოცემის, წარმოების, დისტრიბუციის... სახელწოდება CENN,
გამოცემის, წარმოების, დისტრიბუციის... თარიღი 2018.
300 ## - ფიზიკური აღწერა
Extent 430 გვ.:
Other physical details ილ.;
Dimensions 19 სმ.
440 ## - სერიის ცნობა / დამატებულია ჩანაწერი - სათაური
Title საველე მეგზური
9 (RLIN) 5464
500 ## - ზოგადი შენიშვნა
General note ქართ. ტერმ. საძ. გვ. 410-417., ლათინ. ტერმ. საძ. 418-430
653 ## - INDEX TERM--UNCONTROLLED
Uncontrolled term ბოტანიკა
700 ## - ADDED ENTRY--PERSONAL NAME
Personal name ახალკაცი, მ
Relator term რედაქტორი
9 (RLIN) 5465
942 ## - ADDED ENTRY ELEMENTS (KOHA)
Source of classification or shelving scheme
Koha item type წიგნი
ეგზემპლარები
ჩამოწერის სტატუსი დაკარგული ეგზემპლარის სტატუსი კლასიფიკაციის წყარო ან თაროზე გაწყობის სქემა დაზიანების სტატუსი არ გაიცემა მუდმივი მდებარეობა (დაცვის ადგილი) ამჟამინდელი ადგილსამყოფელი თაროზე განთავსების ადგილი შეძენის თარიღი ღირებულება, შესყიდვის ნორმალური ფასი სრული შენახვის შიფრი შტრიხკოდი ბოლო ოპერაციის თარიღი ეგზემპლარის მიმდევრობითი ნომერი (კეტერი?) ფასის ძალაში შესვლის თარიღი ეგზემპლარის სახეობა საჯარო შენიშვნა
          ბათუმის შოთა რუსთაველის სახელმწიფო უნივერსიტეტის მთავარი ბიბლიოთეკა ბათუმის შოთა რუსთაველის სახელმწიფო უნივერსიტეტის მთავარი ბიბლიოთეკა წიგნსაცავი 2019-11-19 15.00 581.7 ს-97 59195 2019-11-19 59195 2019-11-19 წიგნი 15.00
          ბათუმის შოთა რუსთაველის სახელმწიფო უნივერსიტეტის მთავარი ბიბლიოთეკა ბათუმის შოთა რუსთაველის სახელმწიფო უნივერსიტეტის მთავარი ბიბლიოთეკა წიგნსაცავი 2019-11-19 15.00 581.7 ს-97 59197 2019-11-19 59197 2019-11-19 წიგნი 15.00
          ბათუმის შოთა რუსთაველის სახელმწიფო უნივერსიტეტის მთავარი ბიბლიოთეკა ბათუმის შოთა რუსთაველის სახელმწიფო უნივერსიტეტის მთავარი ბიბლიოთეკა წიგნსაცავი 2019-11-19 15.00 581.7 ს-97 59198 2019-11-19 59198 2019-11-19 წიგნი 15.00
          ბათუმის შოთა რუსთაველის სახელმწიფო უნივერსიტეტის მთავარი ბიბლიოთეკა ბათუმის შოთა რუსთაველის სახელმწიფო უნივერსიტეტის მთავარი ბიბლიოთეკა წიგნსაცავი 2019-11-20 15.00 581.7 ს-97 59196 2019-11-20 59196 2019-11-20 წიგნი 15.00
          ბათუმის შოთა რუსთაველის სახელმწიფო უნივერსიტეტის მთავარი ბიბლიოთეკა ბათუმის შოთა რუსთაველის სახელმწიფო უნივერსიტეტის მთავარი ბიბლიოთეკა წიგნსაცავი 2019-11-20 15.00 581.7 ს-97 59199 2019-11-20 59199 2019-11-20 წიგნი 15.00